000 00274nam a22001337a 4500
008 180921b xxu||||| |||| 00| 0 eng d
020 _a9780073532240
041 _aeng
080 _a573
100 _a11
101 _aBIO
245 _aBiology
_cBrooker
942 _2udc
_cBK
999 _c48226
_d48226